000 00548nam a2200205 i 4500
001 23488
003 ES-MaACL
005 20230906152859.0
007 t|
008 021210s1974 sp ||||1| spa d
100 1 _aAller, F. G.
_920027
245 1 0 _aNiña Huanca /
_cF.G. Aller.
250 _a[1ª ed.].
260 _a[Barcelona :
_bSeix Barral,
_c1974]
300 _a299 p. ;
_c20 cm.
490 1 _aNueva narrativa hispánica
830 0 _aNueva narrativa hispánica
_9180692
852 _aES-MaACL
_jA-7463
_bR.96421
999 _c23488
_d23488